000 00822nas a2200253 4500
001 BR2012009712
003 BR-BrBNA
005 20231205121705.0
007 ta
008 230509b bl.|||p| |||| 00| 00por d
040 _aBR-BrBNA
_bpor
_cBiblioteca Nacional de Agricultura
041 _a(Pt)
072 _aE10
100 1 _aMelo, L.M.C. de
100 1 _aSimões, R.
245 1 _aDesigualdade econômica regional e spillovers espaciais: evidências para o nordeste do Brasil
650 _aCRESCIMENTO ECONÔMICO
650 _aRENDA PER CAPITA
650 _aDISTRIBUIÇÃO GEOGRÁFICA
650 _aTAXA DE CRESCIMENTO
773 0 _tRevista Econômica do Nordeste (Brazil)
_xISSN 0100-4956
_g(Jan-Mar 2011), v. 42(1) p. 9-24
_wBR2012009712
909 _a202311
_bLúcia
_c55
_dLúcia Elande
942 _2AGRIS
_n0
_cANA
999 _c224741
_d224741